000
00325nam a22001457a 4500
003
SGT
020
_a
9789351649557
082
_a
615.1
_b
P19P
100
_a
PAWAR, ATMARAM
245
_a
PHARMACEUTICS FOR PHARM-D
260
_a
PUNE
_b
NIRALI PRAKSHAN
_c
2019
300
_a
14.10
650
_a
PHARMACEUTICS
942
_2
ddc
_c
BK
_0
1
999
_c
23044
_d
23044